Retailing / (Record no. 343567)
[ view plain ]
| 000 -LEADER | |
|---|---|
| fixed length control field | 00865 a2200229 4500 |
| 020 ## - INTERNATIONAL STANDARD BOOK NUMBER | |
| International Standard Book Number | 0538841362 |
| 020 ## - INTERNATIONAL STANDARD BOOK NUMBER | |
| International Standard Book Number | 9780538841368 |
| 082 04 - DEWEY DECIMAL CLASSIFICATION NUMBER | |
| Classification number | 658.87 |
| 090 ## - LOCALLY ASSIGNED LC-TYPE CALL NUMBER (OCLC); LOCAL CALL NUMBER (RLIN) | |
| -- | 1032 |
| -- | 1032 |
| 100 1# - MAIN ENTRY--PERSONAL NAME | |
| Personal name | Dunne, Patrick M. |
| 245 10 - TITLE STATEMENT | |
| Title | Retailing / |
| Statement of responsibility, etc. | Patrick M. Dunne. |
| 250 ## - EDITION STATEMENT | |
| Edition statement | 2nd ed. |
| 260 ## - PUBLICATION, DISTRIBUTION, ETC. | |
| Place of publication, distribution, etc. | [S.l.] : |
| Name of publisher, distributor, etc. | South-Western Pub, |
| Date of publication, distribution, etc. | 1994. |
| 300 ## - PHYSICAL DESCRIPTION | |
| Extent | 514 p. ; |
| Dimensions | 27 cm. |
| 500 ## - GENERAL NOTE | |
| General note | Hardcover. |
| 520 ## - SUMMARY, ETC. | |
| Summary, etc. | This book takes a practical approach to retailing, focusing on what someone entering the retail field needs to know. When theory is discussed it is explained but not analyzed. |
| 700 1# - ADDED ENTRY--PERSONAL NAME | |
| Personal name | Lusch, Robert F. |
| 700 1# - ADDED ENTRY--PERSONAL NAME | |
| Personal name | Gable, Myron. |
| 856 40 - ELECTRONIC LOCATION AND ACCESS | |
| Materials specified | Amazon.com |
| Uniform Resource Identifier | <a href="http://www.amazon.com/exec/obidos/ASIN/0538841362/chopaconline-20">http://www.amazon.com/exec/obidos/ASIN/0538841362/chopaconline-20</a> |
| 856 40 - ELECTRONIC LOCATION AND ACCESS | |
| Materials specified | Amazon customer reviews |
| Uniform Resource Identifier | <a href="http://www.chopac.org/cgi-bin/tools/azrev.pl?q=0538841362">http://www.chopac.org/cgi-bin/tools/azrev.pl?q=0538841362</a> |
| 942 ## - ADDED ENTRY ELEMENTS (KOHA) | |
| Institution code [OBSOLETE] | NBS |
| Koha item type | Book |
| Call number prefix | 658.87 DUN |
| Withdrawn status | Lost status | Damaged status | Not for loan | Permanent Location | Current Location | Date acquired | Total Checkouts | Full call number | Barcode | Date last seen | Price effective from | Koha item type |
|---|---|---|---|---|---|---|---|---|---|---|---|---|
| Central Library (CL) | Central Library (CL) | 08/28/2013 | 658.87 DUN | NBS5134 | 08/28/2013 | 08/28/2013 | Book |
